000 00659nam a2200241 a 4500
001 BRL_446
005 20190320210739.0
008 130813s1950----mx-a######---#000-0#spa-#
041 _aspa
044 _amx
050 4 _aND1432.M46
_b.O74 1950
100 1 _aOrendain, Leopoldo I
_922760
245 1 0 _aPintura Popular Exvotos
_cLeopoldo I. Orendain
260 _aGuadalajara, Jal.
_c1950
300 _a23 p.
_bil.
_c22 cm.
500 _aAu494
650 1 4 _aPintura mexicana
_ySiglo XIX
_92453
650 1 4 _aExvotos
_xArte
_923942
650 1 4 _aArte y simbolismo cristianos
_94853
650 1 4 _aArte popular
_zMéxico
_9882
902 _aGRL
942 _2lcc
_cB
999 _c9258
_d9258